دليل توجيهي لصياغة و تنفيذ سياسات و إستراتيجيات تكنولوجيا المعلومات و الإتصالات / (رقم التسجيلة. 116426)
[ عرض عادي ]
| 000 -LEADER | |
|---|---|
| fixed length control field | 00788nam a22001817a 4500 |
| 005 - DATE AND TIME OF LATEST TRANSACTION | |
| control field | 20251108174725.0 |
| 008 - FIXED-LENGTH DATA ELEMENTS--GENERAL INFORMATION | |
| fixed length control field | 250721s2007 xx 000 0 ara d |
| 082 14 - DEWEY DECIMAL CLASSIFICATION NUMBER | |
| Classification number | م/302.2/لجن |
| 245 10 - TITLE STATEMENT | |
| Title | دليل توجيهي لصياغة و تنفيذ سياسات و إستراتيجيات تكنولوجيا المعلومات و الإتصالات / |
| 264 1# - PRODUCTION, PUBLICATION, DISTRIBUTION, MANUFACTURE, AND COPYRIGHT NOTICE | |
| Place of production, publication, distribution, manufacture | نيويورك : |
| Name of producer, publisher, distributor, manufacturer | الأمم المتحدة - اللجنة الإقتصادية و الإجتماعية لغربي آسيا، |
| Date of production, publication, distribution, manufacture, or copyright notice | 2007. |
| 300 ## - PHYSICAL DESCRIPTION | |
| Extent | 102 ص. |
| 650 17 - SUBJECT ADDED ENTRY--TOPICAL TERM | |
| Topical term or geographic name as entry element | اللجنه الاقتصاديه و الاجتماعيه لغربي آسيا |
| 650 17 - SUBJECT ADDED ENTRY--TOPICAL TERM | |
| Topical term or geographic name as entry element | الاتصالات |
| 650 17 - SUBJECT ADDED ENTRY--TOPICAL TERM | |
| Topical term or geographic name as entry element | شبكات المعلومات |
| 650 17 - SUBJECT ADDED ENTRY--TOPICAL TERM | |
| Topical term or geographic name as entry element | تكنولوجيا المعلومات |
| 942 ## - ADDED ENTRY ELEMENTS (KOHA) | |
| Source of classification or shelving scheme | Dewey Decimal Classification |
| Koha item type | مراجع |
| حالة السحب | حالة الفقدان | مصدر التصنيف | حالة التلف | غير قابل للإعارة | المكتبة الرئيسية | المكتبة الحالية | موقع الرف | تاريخ التزويد | الرقم المتسلسل | Total Checkouts | رقم الإستدعاء | الباركود | تاريخ آخر ظهور | تاريخ الفاتورة | نوع المادة (كوها) |
|---|---|---|---|---|---|---|---|---|---|---|---|---|---|---|---|
| Dewey Decimal Classification | Not For Loan | المكتبة المركزية | المكتبة المركزية | مراجع | 28/07/2025 | 1254922 | م/302.2/لجن | PLD00073651 | 28/07/2025 | 28/07/2025 | مراجع |